| 000 | 00443nam a22001697a 4500 | ||
|---|---|---|---|
| 008 | 230705b |||||||| |||| 00| 0 eng d | ||
| 040 |
_aNational Science Library _cNational Science Library |
||
| 080 | _a82-94 | ||
| 100 | _aSahay, Shivpujan | ||
| 245 | _aजीवन दर्पण | ||
| 246 | _aJeewan darpan | ||
| 260 |
_aPatna: _c1998 |
||
| 300 | _a381p. | ||
| 365 |
_b300.00 _cINR |
||
| 650 | _aHindi literature | ||
| 942 |
_2udc _cHBK |
||
| 999 |
_c49603 _d49603 |
||